Регионална библиотека "Любен Каравелов" - Русе

Литература (Запис номер 436477)

MARC детайли
000 -Лидер
Контролно поле с фиксирана дължина nam a22 a 4500
003 - Код на организацията, давaща контролен номер
Контролно поле BLK
005 - Дата и час на последна редакция
Контролно поле 20230406030414.0
008 - Елементи от данни с фиксирана дължина
fixed length control field 200311b bul|||||r ||||||| ||bul||
040 ## - Източник на каталожния запис
Идентификатор на билиотеката - собственик на записа BLK
041 ## - Код за език
Код за езика на текст/звукозапис или на отделно заглавие Български
Код за езика КДБФ Български
080 ## - УДК
Текстов определител УДК Българска литература
УДК код - определител по УДК 821.163.2
УДК определител (075)
УДК - код + определител 821.163.2(075)
100 1# - Редна дума - Автор
Автор Тодорова, Иванка М.
Авторска отговорност първи автор
R(LIN) 1299
139 ## - Редно поле
Редна дума Тодорова, Иванка М. и др.
245 10 - Сведения за заглавието
Заглавие Литература
Подзаглавни данни За II курс на промишлените училища
Редно поле (дума) Иванка М. Тодорова; съавт. Огнян Бояджиев
257 ## - Страна на издаване
Страна на създаване/издаване България
260 ## - Област на издателските данни
Място на издаване, разпространение и проч. София
Име на издателя, разпространителя и проч. Нар. просв.
Година на издаване 1958
9 (RLIN) 216179
300 ## - Физическа характеристика
Страници 96 с.
Илюстрации и др. с портр.
Размери/Мащаб 22 см
380 ## - Жанр
Жанр Литературознание
653 #7 - Ключова дума – ненормативна
Ключова дума българска литература
9 (RLIN) 182641
700 1# - Други автори (авторска отговорност)
Лично име Бояджиев, Огнян
Автороска отговорност (Описва отношението между автора и произведението) съавт.
9 (RLIN) 1445
852 ## - Местоположение
Форматна сигнатура Цб 11908
Фондова буква Основен фонд - ползва се само за читалня
999 ## - СИСТЕМНИ КОНТРОЛНИ НОМЕРА
Koha biblionumber 436477
Koha biblioitemnumber 436477
942 ## - АРТИКУЛИ
Вид на библиотечния материал Книги
Скрит в OPAC Не
Периодичен библиозапис Да
944 ## - СЪЗДАВАНЕ И РЕДАКЦИЯ на ЗАПИСА
Създаване/Редакция Създаване
Дата на регистрацията/редакция 2021-11-11
Служител, извършил регистрацията/редакцията Микаела Микова-Илиева
999 ## - СИСТЕМНИ КОНТРОЛНИ НОМЕРА
Koha biblioitemnumber 367390
Наличности
Код за отписване Код за изгубен артикул Източник на класификационната схема Код за повреда Коз за рестрикции Код за отдаване Артикулен № Име на библиотеката - собственик Име на библиотеката, в която се намира в момента Статус (Текущо местоположение) Дата на вписване в системата Местоположение - отдел Цена в лева Инвентарен номер Систематично азбучна сигнатура Баркод Цена в евро Служебен тип на артикула
  Не е изгубен Universal Decimal Classification Не е повреден само за читалня ползва се в читалня 861318 Регионална библиотека "Любен Каравелов" Русе Регионална библиотека "Любен Каравелов" Русе Хранилище 2021-11-11 Основен фонд - ползва се само за читалня 0.24 11956/58 Цб 11908 900000081393 0.12 Книги
Vip Innovations Ltd, Rousse, Bulgaria 2025